| 000 | 00805nam a2200217 a 4500 | ||
|---|---|---|---|
| 005 | 20210223130608.0 | ||
| 008 | 080821s1983 mx r 000 0 spa d | ||
| 035 | _aUPN01000159400 | ||
| 049 | _aUNE | ||
| 080 | _a371.64/. 69 (100)=20 NEI No.127. | ||
| 100 | 1 | _aNeill, Richard | |
| 245 | 1 | 0 |
_aLocal design and production of educational materials : _ba discussion of basic policies with recommendations for action / _cby Richard Neill. |
| 260 |
_aParÃs : _bUNESCO ; _aNew York : _bUNICEF, _c1983. |
||
| 300 |
_a16 p. : _bil., retrs. |
||
| 440 | 0 |
_aNotes, comments... ; _v127 |
|
| 690 | _aMaterial y equipo didacticos - Juegos educativos | ||
| 690 | _aPolitica educacional - Material y equipos didacticos | ||
| 710 | 2 |
_aUNICEF _924085 |
|
| 710 | 2 | _aPrograma de Alimentación Mundial | |
| 905 | _aUNESCO | ||
| 999 |
_c131514 _d131514 |
||